A practical guide to Linux (Record no. 168805)

MARC details
000 -LEADER
fixed length control field 00371nam a2200145Ia 4500
008 - FIXED-LENGTH DATA ELEMENTS--GENERAL INFORMATION
fixed length control field 231217s9999 xx 000 0 und d
041 ## - LANGUAGE CODE
Language code of text/sound track or separate title English
082 ## - DEWEY DECIMAL CLASSIFICATION NUMBER
Classification number 001.6424LIN SOB;2 `R1'
100 ## - MAIN ENTRY--PERSONAL NAME
Personal name Sobell, Mark G.
245 #2 - TITLE STATEMENT
Title A practical guide to Linux
260 ## - PUBLICATION, DISTRIBUTION, ETC.
Date of publication, distribution, etc. 1997
Name of publisher, distributor, etc. New Delhi : Pearson Education,
300 ## - PHYSICAL DESCRIPTION
Extent xlvii+1015
650 ## - SUBJECT ADDED ENTRY--TOPICAL TERM
Topical term or geographic name entry element Linux
942 ## - ADDED ENTRY ELEMENTS (KOHA)
Koha item type Books
Holdings
Date last seen Total checkouts Full call number Accession number Cost, total (INR) price Price effective from Category Lost status Damaged status Department Withdrawn status Home library Current library Entry date Vendor Cost, normal purchase price Grants Billnumber Billdate Currency symbol Conversion rate Discount Old discount
26/01/2024   001.6424LIN SOB;2 `R1' 20931 420.75 26/01/2024 Books     Central Library   Central Library Central Library 18/09/2002 Mega Books 495.00 MCA 865 27/12/2004 RS 1 74.25 15
26/01/2024   001.6424LIN SOB;3 20932 420.75 26/01/2024 Books     Central Library   Central Library Central Library 18/09/2002 Mega Books 495.00 MCA 865 29/12/2004 RS 1 74.25 15
26/01/2024   001.6424LIN SOB;4 20933 420.75 26/01/2024 Books     Central Library   Central Library Central Library 18/09/2002 Mega Books 495.00 MCA 865 29/12/2004 RS 1 74.25 15
26/01/2024   001.6424LIN SOB;5 20934 420.75 26/01/2024 Books     Central Library   Central Library Central Library 18/09/2002 Mega Books 495.00 MCA 865 03/01/2005 RS 1 74.25 15
26/01/2024   001.6424LIN SOB;6 20935 420.75 26/01/2024 Books     Central Library   Central Library Central Library 18/09/2002 Mega Books 495.00 MCA 865 03/01/2005 RS 1 74.25 15

© For any Suggestions or Query, please contact the library staff @ librarian@pes.edu or Phone: +9180 2672 1983/ 2108.